| 000 | 00394 a2200169 4500 | ||
|---|---|---|---|
| 001 | 47016 | ||
| 020 | _a9788573197990 | ||
| 040 | _cAnchieta - Aquarius | ||
| 100 | _aAndrade, Maria Hilda de Paiva | ||
| 240 | 1 | 0 |
_aHistória de dentinho _lpor |
| 245 | 1 | 0 | _aHistória de dentinho |
| 300 | _a16 | ||
| 362 | 0 | _a2011 | |
| 440 | 1 | _aDimensão | |
| 650 | 4 | _aLiteratura infanto-juvenil | |
| 942 | _cBK | ||
| 999 |
_c47016 _d47016 |
||